Prisonnier de l'Angkar, ou, Qaṅgkār bhnaek mnas "Angkar a les yeux de l'ananas" / (Record no. 13522)
[ view plain ]
| 000 -LEADER | |
|---|---|
| fixed length control field | 00443cam a2200157 a 4500 |
| 020 ## - INTERNATIONAL STANDARD BOOK NUMBER | |
| ISBN | 2213030596 : |
| 040 ## - CATALOGING SOURCE | |
| Transcribing agency | DLC |
| 082 00 - DEWEY DECIMAL CLASSIFICATION NUMBER | |
| Classification number | 959 FAY 1993 A101 Co. |
| 100 1# - MAIN ENTRY--AUTHOR NAME | |
| Personal name | Locard, Henri. |
| 245 10 - TITLE STATEMENT | |
| Title | Prisonnier de l'Angkar, ou, Qaṅgkār bhnaek mnas "Angkar a les yeux de l'ananas" / |
| 260 ## - PUBLICATION, DISTRIBUTION, ETC. (IMPRINT) | |
| Place of publication | [Paris] : |
| Name of publisher | Fayard, |
| Year of publication | c1993. |
| 300 ## - PHYSICAL DESCRIPTION | |
| Number of Pages | 381 p. : |
| Other physical details | map ; |
| Dimensions | 22 cm. |
| 650 #0 - SUBJECT ADDED ENTRY--TOPICAL TERM | |
| Topical Term | Political atrocities |
| 700 1# - ADDED ENTRY--PERSONAL NAME | |
| Personal name | Mœung, Sonn. |
| 942 ## - ADDED ENTRY ELEMENTS (KOHA) | |
| Koha item type | សៀវភៅភាសាបារាំង |
| 952 ## - LOCATION AND ITEM INFORMATION (KOHA) | |
| Withdrawn status [LOCAL, KOHA] | 0 |
| Permanent Location | Date acquired | Koha item type | Lost status | Shelving location | Barcode | Current Location | Full call number |
|---|---|---|---|---|---|---|---|
| Library Block A | 2017-08-27 | សៀវភៅភាសាបារាំង | A102 | A22492 | Library Block A | 959 FAY 1993 A102 Co. |